00537nam a22001577a 450000500170000001000130001702000260003003500130005608200110006910000220008024500900010226000460019227000620023830000430030050000360034320180609180832.0 aB-106900 a9780195672183c195.00 aB-106900 a639.95 aBilly Arjan Singh1 aWatching India's wildlife : cby Vishwa Mohan Tiwaribthe anathology of a lifetime / aNew Delhi bOxford University Pressc2004 bNew Delhi aYMCA Library Building, Jai Singh Roade110001 axiii, 188p. c20cm(pbk) bcol. photos  aIncludes glossary and appendix